[Event "FICGS rapid B 000146 email"]
[Site "FICGS email"]
[Date "2010.03.20"]
[Round "1"]
[White "Adrian, Cretu"]
[Black "Riline, Alejandro"]
[Result "1-0"]
[WhiteElo "1823"]
[BlackElo "1857"]
[PlyCount "29"]
[EventDate "2010.??.??"]
[EventType "tourn (rapid)"]
[EventRounds "5"]
[SourceTitle "Corr 2013"]
[Source "ChessBase"]
[SourceDate "2012.11.12"]
[SourceVersion "1"]
[SourceVersionDate "2012.11.12"]
[SourceQuality "1"]

1. e4 e5 2. Nf3 Nc6 3. Bb5 d6 4. d4 exd4 5. Qxd4 Bd7 6. Bxc6 Bxc6 7. Bg5 Qd7 8. Nc3 f6 9. Be3 Ne7 10. 0-0-0 b6 11. Qc4 0-0-0 12. Nd4 Bb7 13. Ne6 Re8 14. Rxd6 Qxd6 15. Nb5 1-0

[Event "FICGS W-ch st1 g08 email"]
[Site "FICGS email"]
[Date "2006.07.01"]
[Round "1"]
[White "Adrian, Cretu"]
[Black "Marconi, Ralph"]
[Result "1-0"]
[WhiteElo "1700"]
[BlackElo "2095"]
[PlyCount "63"]
[EventDate "2006.??.??"]
[EventType "tourn (corr)"]
[EventRounds "8"]
[SourceTitle "Corr 2022"]
[Source "ChessBase"]
[SourceDate "2021.10.24"]
[SourceVersion "1"]
[SourceVersionDate "2021.10.24"]
[SourceQuality "1"]

1. e4 e6 2. d4 d5 3. Nc3 Nf6 4. Bg5 dxe4 5. Nxe4 Be7 6. Bxf6 Bxf6 7. Nf3 Nd7 8. Qd2 0-0 9. 0-0-0 b6 10. Bd3 Bb7 11. Qe2 Be7 12. h4 c5 13. dxc5 Qc7 14. Neg5 Nf6 15. c6 Bxc6 16. Ne5 Bd5 17. Kb1 h6 18. Ngf3 Rab8 19. c4 Bxf3 20. gxf3 Rfc8 21. f4 Bd6 22. Rhg1 Qc5 23. Rg3 Rc7 24. a3 a5 25. Rdg1 Bf8 26. Qf3 Rd8 27. Ka1 a4 28. Ka2 Rd4 29. Kb1 Kh8 30. R3g2 Qa5 31. Ka2 Rd6 32. Rd1 1-0

[Event "FICGS W-ch st1 g08 email"]
[Site "FICGS email"]
[Date "2006.07.01"]
[Round "1"]
[White "Adrian, Cretu"]
[Black "Vergara Ravanal, Raul Andres"]
[Result "1-0"]
[WhiteElo "1700"]
[BlackElo "1200"]
[PlyCount "25"]
[EventDate "2006.??.??"]
[EventType "tourn (corr)"]
[EventRounds "8"]
[SourceTitle "Corr 2022"]
[Source "ChessBase"]
[SourceDate "2021.10.24"]
[SourceVersion "1"]
[SourceVersionDate "2021.10.24"]
[SourceQuality "1"]

1. e4 e5 2. Nf3 Nc6 3. Bb5 f5 4. Nc3 Nd4 5. Ba4 Nxf3+ 6. Qxf3 fxe4 7. Qh5+ g6 8. Qxe5+ Ne7 9. Nxe4 Bg7 10. Qxg7 Rf8 11. d4 Nf5 12. Qxh7 Nxd4 13. Qxg6+ 1-0

[Event "FICGS W-ch st1 g08 email"]
[Site "FICGS email"]
[Date "2006.07.01"]
[Round "1"]
[White "Cheparinov, Nedelcho"]
[Black "Adrian, Cretu"]
[Result "1/2-1/2"]
[WhiteElo "1951"]
[BlackElo "1700"]
[PlyCount "79"]
[EventDate "2006.??.??"]
[EventType "tourn (corr)"]
[EventRounds "8"]
[SourceTitle "Corr 2022"]
[Source "ChessBase"]
[SourceDate "2021.10.24"]
[SourceVersion "1"]
[SourceVersionDate "2021.10.24"]
[SourceQuality "1"]

1. e4 c5 2. Nf3 d6 3. d4 cxd4 4. Nxd4 Nf6 5. Nc3 a6 6. Be3 e5 7. Nb3 Be6 8. f3 Be7 9. Qd2 Nbd7 10. 0-0-0 0-0 11. g4 Qc7 12. Kb1 Rfc8 13. Qf2 b5 14. g5 Nh5 15. h4 b4 16. Nd5 Bxd5 17. Rxd5 Rcb8 18. f4 Nb6 19. Ra5 exf4 20. Bxf4 Nxf4 21. Qxf4 Nc4 22. Bxc4 Qxc4 23. Rd5 Rb5 24. Rf1 Rf8 25. Nd4 Rxd5 26. exd5 Qxd5 27. Nf5 Re8 28. Re1 Kf8 29. b3 a5 30. Qg4 Qb5 31. h5 Bd8 32. Rd1 Qe2 33. Qd4 Qe5 34. Qxd6+ Qxd6 35. Nxd6 Re5 36. Nc4 Re8 37. Nd6 Re5 38. Nc4 Re8 39. Nd6 Re5 40. Nc4 1/2-1/2

[Event "FICGS W-ch st1 g08 email"]
[Site "FICGS email"]
[Date "2006.07.01"]
[Round "1"]
[White "Ruzin, Mikhail"]
[Black "Adrian, Cretu"]
[Result "1/2-1/2"]
[WhiteElo "1384"]
[BlackElo "1700"]
[PlyCount "87"]
[EventDate "2006.??.??"]
[EventType "tourn (corr)"]
[EventRounds "8"]
[SourceTitle "Corr 2022"]
[Source "ChessBase"]
[SourceDate "2021.10.24"]
[SourceVersion "1"]
[SourceVersionDate "2021.10.24"]
[SourceQuality "1"]

1. d4 d5 2. c4 c6 3. Nc3 Nf6 4. Nf3 e6 5. Bg5 h6 6. Bh4 dxc4 7. e4 g5 8. Bg3 b5 9. Be2 Nh5 10. Bxb8 Rxb8 11. Ne5 Nf4 12. Nxc6 Qb6 13. Nxb8 Nxg2+ 14. Kf1 Nf4 15. Bxc4 a6 16. Nxa6 bxc4 17. Qa4+ Kd8 18. Nc5 Bxc5 19. dxc5 Qxc5 20. Rd1+ Nd3 21. Rd2 Ke7 22. b3 Rd8 23. bxc4 Bd7 24. Qb3 Nf4 25. Ne2 Bb5 26. Qxb5 Qxb5 27. cxb5 Rxd2 28. Nxf4 gxf4 29. Kg2 Rxa2 30. Rb1 Kd7 31. b6 Kc8 32. Rc1+ Kb7 33. Rc7+ Kxb6 34. Rxf7 Kc5 35. Rxf4 e5 36. Rf6 h5 37. Rf5 Kd4 38. Rxh5 Kxe4 39. Kg3 Ra3+ 40. Kg4 Ra1 41. f3+ Kd5 42. f4 Rg1+ 43. Kh3 Ke4 44. fxe5 1/2-1/2

[Event "FICGS class C 000005 email"]
[Site "FICGS email"]
[Date "2006.05.20"]
[Round "1"]
[White "Adrian, Cretu"]
[Black "Stoian, Mihail"]
[Result "1-0"]
[WhiteElo "1700"]
[BlackElo "1700"]
[PlyCount "61"]
[EventDate "2006.??.??"]
[EventType "tourn (corr)"]
[EventRounds "4"]
[SourceTitle "Corr 2022"]
[Source "ChessBase"]
[SourceDate "2021.10.24"]
[SourceVersion "1"]
[SourceVersionDate "2021.10.24"]
[SourceQuality "1"]

1. e4 e5 2. Nf3 Nc6 3. Bb5 Nf6 4. 0-0 d6 5. h3 Bd7 6. d4 Be7 7. d5 Na5 8. Bxd7+ Qxd7 9. Qe2 b6 10. Nc3 0-0 11. b4 Rac8 12. bxa5 c6 13. axb6 cxd5 14. Nxd5 Nxd5 15. exd5 axb6 16. Be3 Qa4 17. Rfc1 b5 18. c3 Qc4 19. Qxc4 Rxc4 20. Nd2 Ra4 21. Rcb1 Rb8 22. g4 h5 23. c4 hxg4 24. Rxb5 Rba8 25. hxg4 g6 26. Rb7 Bf8 27. Kg2 f5 28. gxf5 gxf5 29. Rh1 Rxa2 30. Rh5 f4 31. Rg5+ 1-0

[Event "FICGS class C 000005 email"]
[Site "FICGS email"]
[Date "2006.05.20"]
[Round "1"]
[White "Clement, Etienne"]
[Black "Adrian, Cretu"]
[Result "1-0"]
[WhiteElo "1600"]
[BlackElo "1700"]
[PlyCount "67"]
[EventDate "2006.??.??"]
[EventType "tourn (corr)"]
[EventRounds "4"]
[SourceTitle "Corr 2022"]
[Source "ChessBase"]
[SourceDate "2021.10.24"]
[SourceVersion "1"]
[SourceVersionDate "2021.10.24"]
[SourceQuality "1"]

1. d4 d5 2. c4 c6 3. Nf3 Nf6 4. Nc3 e6 5. e3 Nbd7 6. Bd3 dxc4 7. Bxc4 b5 8. Bd3 Bb7 9. e4 b4 10. Qb3 bxc3 11. Qxb7 Rb8 12. Qxc6 cxb2 13. Rb1 Rc8 14. Qxc8 Qxc8 15. Bxb2 Qc6 16. 0-0 Nxe4 17. Rfc1 Qd5 18. Rc8+ Ke7 19. Rc7 Kd8 20. Rxa7 f6 21. Bc2 Bd6 22. Re1 Ng5 23. Nxg5 Qxg5 24. Bc3 Bc7 25. g3 Kc8 26. Ra8+ Nb8 27. Bb3 Re8 28. Bxe6+ Rxe6 29. Rxe6 Qd5 30. Re8+ Kb7 31. Ra3 Nc6 32. Rb3+ Bb6 33. Re1 Kc7 34. Rc1 1-0